000
00217nam a2200097Ia 4500
008
220204s9999 xx 000 0 und d
082
_a
929
_b
AJA
100
_a
Ajay Rai
245
0
_a
Profiles in achievement
942
_c
BK
999
_c
35030
_d
35030